Real estate investment forecasts (Record no. 108539)

MARC details
000 -LEADER
fixed length control field 01334cad a22002175a 4500
001 - CONTROL NUMBER
control field L144549
008 - FIXED-LENGTH DATA ELEMENTS--GENERAL INFORMATION
fixed length control field 080728s2008 xxkad f s 000 0 eng d
035 ## - SYSTEM CONTROL NUMBER
System control number (Sirsi) u144549
041 ## - LANGUAGE CODE
Language code of text/sound track or separate title eng
050 04 - LIBRARY OF CONGRESS CALL NUMBER
Classification number 333.33 $2 18
110 2# - MAIN ENTRY--CORPORATE NAME
Corporate name or jurisdiction name as entry element Colliers CRE
9 (RLIN) 5075
245 00 - TITLE STATEMENT
Title Real estate investment forecasts
Remainder of title second Quarter 2008
Medium [electronic resource]
260 ## - PUBLICATION, DISTRIBUTION, ETC.
Place of publication, distribution, etc. London
Name of publisher, distributor, etc. Colliers CRE
Date of publication, distribution, etc. 2008
490 #0 - SERIES STATEMENT
Series statement Real Estate Investment Forecasts
Volume/sequential designation Second Quarter 2008
520 ## - SUMMARY, ETC.
Summary, etc. An all property return of -9.0% is forecast for year-end 2008, with a slight recovery to 4.4% in 2009. Total capital falls for 2008 are expected to reach just under 15%. Finds the commercial property market continues to be constrained by a poor commercial lending environment: inter-bank lending remains disrupted; the securitisation market remains closed; uncertainty over the future path of base rates continues; investment transactions remain very limited across all sectors. Predicts that the industrial sector will be the poorest performer in 2008, with capital falls reaching almost 25% since the downturn in July 2007.
590 ## - LOCAL NOTE (RLIN)
Local note KA
651 #4 - SUBJECT ADDED ENTRY--GEOGRAPHIC NAME
Geographic name United Kingdom
Chronological subdivision
690 ## - LOCAL SUBJECT ADDED ENTRY--TOPICAL TERM (OCLC, RLIN)
Topical term or geographic name as entry element PROPERTY-COMMERCIAL PROPERTY-COMMERCIAL PROPERTY MARKET
856 40 - ELECTRONIC LOCATION AND ACCESS
Uniform Resource Identifier <a href="https://www.colliers.com/">https://www.colliers.com/</a>
Public note View the report free of charge at www.colliers.com...
942 ## - ADDED ENTRY ELEMENTS (KOHA)
Suppress in OPAC 0
Holdings
Withdrawn status Lost status Source of classification or shelving scheme Damaged status Not for loan Home library Current library Shelving location Date acquired Total Checkouts Full call number Barcode Date last seen Copy number Price effective from Koha item type
    Dewey Decimal Classification     Virtual Virtual Online 28/07/2008   ONLINE PUBLICATION 144549-2001 06/08/2019 1 06/08/2019 Book